| 000 | 00592nam a2200229Ia 4500 | ||
|---|---|---|---|
| 003 | 0100 | ||
| 008 | 130303s9999 xx 000 0 und d | ||
| 020 | _a9290640596 | ||
| 040 | _cARRUPELIB | ||
| 050 | _aHC845.F37 1993 | ||
| 100 | _aFassil G. Kiros | ||
| 245 | 4 | _aThe subsistence crisis in Africa | |
| 245 | _bthe case of Ethiopia | ||
| 260 | _aAddis Ababa | ||
| 260 | _bOrganization for Social Science Research | ||
| 260 | _C1993 | ||
| 300 | _axvii | ||
| 300 | _b 224p. 21cm | ||
| 650 | _bChurch--Catholic church | ||
| 650 | _cChurch and social problems--Africa | ||
| 942 | 0 | 0 | _01 |
| 999 |
_c7435 _d7435 |
||